| 000 | 00511nam a22001577a 4500 | ||
|---|---|---|---|
| 005 | 20251108173552.0 | ||
| 008 | 250721s2007 xx 000 0 ara d | ||
| 082 | 1 | 4 | _a615.7/هاش |
| 100 | 1 | _aهاشم، محمد محمد | |
| 245 | 1 | 0 | _aالكشف عن بقايا الأدوية البيطرية في المنتجات الغذائية / |
| 264 | 1 |
_aالقاهره : _bالدار العربية للنشر، _c2007. |
|
| 300 | _a173ص. | ||
| 650 | 1 | 7 | _aالادويه |
| 942 |
_2ddc _cBK |
||
| 999 |
_c107018 _d107018 |
||